| 000 | 00000nam##2200000za#4500 |
| 001 | 9.615523 |
| 003 | CaOODSP |
| 005 | 20210615101146 |
| 007 | ta |
| 008 | 150406|2001||||xxc||||| f|0| 0 eng|d |
| 020 | |a0-662-30035-1 |
| 040 | |aCaOODSP|beng |
| 043 | |an-cn--- |
| 086 | 1 |aJS42-95/2001E |
| 110 | 1 |aCanada. |bSolicitor General Canada. |
| 245 | 12|aA cost-benefit analysis of Hollow Water's Community Holistic Circle Healing process / |cby Joe Couture et al. |
| 260 | |aOttawa - Ontario : |bSolicitor General Canada |c2001. |
| 300 | |aviii, 147p. : |bfigs., references, tables ; |c28 cm. |
| 490 | 1 |aAboriginal peoples collection|vAPC 20 CA (2001) |
| 500 | |a"Unlike other mainstream systems (justice, family/social services) the process holistically involves victims, victimizers and their respective families; it creates spiritual, physical, emotional and intellectual balance that benefits the entire Hollow Water community."--Page ii, Program description. |
| 520 | 3 |aUnlike other mainstream systems (justice, family/social services) the process holistically involves victims, victimizers and their respective families; it creates spiritual, physical, emotional and intellectual balance that benefits the entire Hollow Water community.--Page ii, Program description |
| 563 | |aSoftcover |
| 590 | |a01-42|b2001-10-19 |
| 690 | 07|aIndigenous rights|2gcpds |
| 690 | 07|aJustice system|2gcpds |
| 720 | 1 |aCouture, Joe |
| 775 | 08|tUne analyse de rentabilité du Processus holistique de guérison de la Première nation de Hollow Water / |w(CaOODSP)9.625586 |
| 776 | 0#|tA cost-benefit analysis of Hollow Water's Community Holistic Circle Healing process / |w(CaOODSP)9.573214 |
| 830 | #0|aAboriginal peoples collection ;|vAPC 20 CA (2001)|w(CaOODSP)9.514749 |